Municipalities in Kalmar County, Sweden Quiz Stats

 Plays Quiz not verified by Sporcle

Also try: 'G' States Blitz
Challenge
Share
Tweet
Score 0/12 Timer 10:00
0 Plays Today
% Correct
Kalmar
97.8%
Västervik
90.2%
Oskarshamn
88%
Borgholm
84.8%
Mörbylånga
80.4%
Emmaboda
78.3%
Vimmerby
76.1%
Hultsfred
69.6%
Mönsterås
59.8%
Nybro
57.6%
Torsås
55.4%
Högsby
48.9%

You're not logged in!

Compare scores with friends on all Sporcle quizzes.
Join for Free
OR
Log In

You Might Also Like...

Show Comments

Extras

Created Dec 7, 2014ReportNominate
Tags:county, municipality, sweden

Top Quizzes Today


Score Distribution

Your Account Isn't Verified!

In order to create a playlist on Sporcle, you need to verify the email address you used during registration. Go to your Sporcle Settings to finish the process.

Report this User

Report this user for behavior that violates our Community Guidelines.

Details: